000 00536nam a22001817a 4500
008 150930b xxu||||| |||| 00| 0 eng d
020 _a061903386X
041 0 _aeng
080 _a658.8 : 004
245 0 0 _aCreating a winning E-business /
_cH. Albert Napier ... [et al.].
250 _a2nd ed.
260 _aBoston, Mass. :
_bThomson Course Technology,
_c2006.
300 _axix, 444 f. :
_bme il.;
_c24 cm.
650 0 _aTregëtia elektronike
650 0 _aRrjetet në ndërmarrje
700 1 _aNapier, H. Albert,
942 _2udc
_cBK
999 _c1190
_d1190